00510 2200205 4500001002100000008004100021035002000062245005300082100002200135250000600157260004500163300001200208084001400220082000800234650001400242990001200256990001200268990001200280990001200292INLIS000000000000441 ind  a0010-0424000417 aKamus Ringan Arab - IndonesiacMuh. Arief Islamy aMuh. Arief Islamy a1 aYogyakarta :bPustaka Insan Madanic2015 a196 hlm a400 MUH k a400 aReferensi a0722568 a0722569 a0722570 a0722571